000 00576nam a2200205Ia 4500
005 20250923144853.0
008 008 250917s9999 xx 000 0 eng d
037 _aTextual
040 _aDSWL
_beng
_cDSWL
041 _aeng
_2eng
084 _aX112:71.3.N6u, K2
_qDSWL
100 _aVeness, Thelma
_9829262
245 0 _aSchool Leavers
_cby Thelma Veness
260 _aLondon
_bMethuen& Co. Ltd.
_c1962
300 _axxv,252p.
365 _aINR
_b30 .
925 _g30 .
942 _cTEXL
_hX112:71.3.N6u, K2
999 _c1444386
_d1444386